000 00533nam a2200217Ia 4500
005 20250425161249.0
008 250425s9999 xx 000 0 und d
020 _a0471897671
041 _aeng
082 _a624.151
100 _aPECK, RALPH B.
245 0 _aJUDGMENT IN GEOTECHNICAL ENGINEERING
250 _a1ST ED.
260 _aEstados Unidos
_bJOHN WILEY & SONS
_c1984
260 _aNEW YORK
300 _a332
650 _aINGENIERIA GEOLOGICA
650 _aMECANICA DE SUELOS
942 _c01
010 _a16429
999 _c205716
_d205716